| LEADER |
01206nam0a2200229 450 |
| 001 |
16838888 |
| 010 |
|
|
|a 978-2-37349-667-3
|b br.
|d 7,2
|
| 100 |
|
|
|a 20220124d2022 u u0frey01 ba
|
| 101 |
1 |
|
|a fre
|c jpn
|
| 102 |
|
|
|a FR
|
| 200 |
0 |
|
|a Horimiya
|f Daisuke Hagiwara, Hero
|
| 207 |
|
1 |
|a
|
| 210 |
|
|
|a Vanves
|c nobi nobi !
|d 2022
|
| 215 |
|
|
|a 1 vol. (166 p.)
|c ill.
|d 18 cm
|
| 225 |
1 |
|
|a Genki
|
| 330 |
|
|
|a D'un côté, il y a Hori, la lycéenne à la mode et populaire à première vue, mais qui est en fait une fille très simple et qui pense avant tout à sa famille.Et de l'autre, il y a Miyamura, le lycéen réservé qui se cache derrière ses lunettes, mais qui est en réalité un garçon chaleureux et aux nombreux piercings. Que se passe-t-il quand les deux se rencontrent par hasard sous leur véritable jour ?Découvrez la comédie romantique lycéenne pétillante et déjà culte qui va vous faire fondre !
|
| 461 |
|
0 |
|t Horimiya
|v 1
|
| 700 |
|
0 |
|a Hagiwara
|b Daisuke
|c Illustrateur
|4 70
|
| 701 |
|
0 |
|a Hero
|c mangaka
|f 19..-....
|4 70
|
| 900 |
|
|
|a Bande Dessinée enfant ado
|
| 901 |
|
|
|a Accessible au prêt
|
| 995 |
|
|
|a Bibliothèque
|c Bibliothèque
|f 024023681
|h 024023681
|k BDJ HAG
|o p
|q j
|r az
|e Bibliothèque
|